Chceme zvyšovať úroveň katolíckej výchovy

Podrobná bibliografia
Ďalší autori: Kopecká, Anna (Interviewer)
Médium: Článok
Jazyk:Slovak
Témy:
Zdroj: 1. Katolícke noviny 1. 0139-8512 1. Roč. 121, č. 4 (2006), s. 20
LEADER 00801nab#a2200301#ar4500
001 000059421
003 SVKKK
005 20060510120113.0
008 050331c2006 xo e slo
FMT
038 |a SVKKK 
040 |a SVKKK  |b slo  |e AACR2 
041 0 |a slo 
044 |a xo  |c SK 
080 |a 061.234  |2 1997 
100 1 |a Kolková, Terézia  |4 ivr 
245 1 0 |a Chceme zvyšovať úroveň katolíckej výchovy  |c Terézia Kolková, Anna Kopecká 
300 |b Fotogr. 
610 2 4 |a Katolícke pedagogické a katechetické centrum (Spišská Nová Ves, Slovensko) 
700 1 |a Kopecká, Anna  |4 ive 
773 0 |t Katolícke noviny  |x 0139-8512  |g Roč. 121, č. 4 (2006), s. 20 
957 |a 810 
974 |a Čr 
992 |a RBX 
BAS
852 |a SVKKK  |b BIB 
EXP
998 |a REG